Statistiken für Hauptstädte der Länder, die mit B beginnen

Klicken Sie hier um das Quiz zu spielen!

Allgemein

  • Dieses Quiz wurde 524 mal gespielt
    (446 seit der letzten Aktualisierung)
  • Das Durchschnittsergebnis liegt bei 11 aus 17

Antwortstatistiken

B LandHauptstadt% Korrekt
BrasilienBrasilia
98%
BelgienBrüssel
98%
BulgarienSofia
97%
Bosnien und
Herzegowina
Sarajevo
88%
BahamasNassau
78%
BangladeschDhaka
77%
BolivienLa Paz
71%
Sucre
70%
BahrainManama
62%
BelizeBelmopan
57%
BhutanThimphu
56%
BotswanaGaborone
54%
BarbadosBridgetown
50%
BeninPorto-Novo
49%
BurundiGitega
48%
Burkina FasoOuagadougou
47%
BruneiBandar Seri Begawan
46%

Verteilung der Resultate

Perzentil nach korrekt beantworteten Fragen

Anzahl Personen mit jedem Resultat

Ihre Resultats-Entwicklung

Sie haben dieses Quiz seit der letzten Aktualisierung nicht gespielt